• 首页
  • 本馆介绍
  • 公告通知
  • 最新文献
  • 馆藏检索
  • 电子资源
  • 读者导购
  • 参考咨询
  • 我的图书馆
  • 登录
  • 详细信息显示
  • 放入我的书架
  • 预约/预借图书
  • 作者相关作品
  • 分类相关作品
  • 丛书相关作品
  • 出版社相关作品

书目信息

  • 表格格式
  • 工作单格式
  • 卡片格式
题名:
园林工程招投标与预决算
    
 
作者: 吴立威 , 徐卫星 编著
分册:  
出版信息: 北京   科学出版社  2018.8
页数: 271页
开本: 26cm
丛书名:
单 册:
中图分类: TU986.3
科图分类:
主题词: 园林--工程施工--招标--高等职业教育--教材 , 园林--工程施工--投标--高等职业教育--教材 , 园林--工程施工--建筑经济定额--高等职业教育--教材
电子资源:
ISBN: 978-7-03-046619-8
000 01312nam0 2200289 45
001 012001000514
005 20211013145038.25
010    @a978-7-03-046619-8@dCNY47.00
100    @a20160321d2016 em y0chiy50 ea
101 0  @achi
102    @aCN@b110000
105    @aa z 000yy
106    @ar
200 1  @a园林工程招投标与预决算@Ayuan lin gong cheng zhao tou biao yu yu jue suan@f吴立威,徐卫星等编著
205    @a2版
210    @a北京@c科学出版社@d2018.8
215    @a271页@c图@d26cm
300    @a“十二五”职业教育国家规划教材 全国高职高专园林类专业规划教材 国家级精品课程配套教材 国家社会科学基金“十一五”规划“以就业为导向的职业教育教学理论与实践研究”子课题“以就业为导向的高等职业教育园林类专业教学整体解决方案设计与实践研究”研究成果系列教材
330    @a本书以园林工程项目为载体,选取园林工程技术标与商务标编制、园林工程预算编制、园林工程工程量清单编制与计价、园林工程竣工结算与决算4个典型工作任务作为学习项目。
606 0  @a园林@x工程施工@x招标@x高等职业教育@j教材
606 0  @a园林@x工程施工@x投标@x高等职业教育@j教材
606 0  @a园林@x工程施工@x建筑经济定额@x高等职业教育@j教材
690    @aTU986.3@v5
701  0 @a吴立威@Awu li wei@f(1972.6~)@4编著
701  0 @a徐卫星@Axu wei xing@c(职业教育)@4编著
801  0 @aCN@bBJSDL@c20211011
905    @b1335366-9@dTU986.3@e1927=2@f4
    
    园林工程招投标与预决算/吴立威,徐卫星等编著.-2版.-北京:科学出版社,2018.8
    271页:图;26cm
    “十二五”职业教育国家规划教材 全国高职高专园林类专业规划教材 国家级精品课程配套教材 国家社会科学基金“十一五”规划“以就业为导向的职业教育教学理论与实践研究”子课题“以就业为导向的高等职业教育园林类专业教学整体解决方案设计与实践研究”研究成果系列教材
    
    ISBN 978-7-03-046619-8:CNY47.00
    本书以园林工程项目为载体,选取园林工程技术标与商务标编制、园林工程预算编制、园林工程工程量清单编制与计价、园林工程竣工结算与决算4个典型工作任务作为学习项目。
●
相关链接 在E读中查询图书 在五车中查询图书 在当当中查询图书 在豆瓣中查询图书


正题名:园林工程招投标与预决算     索取号:TU986.3/1927=2         预约/预借

序号 登录号 条形码 馆藏地/架位号 状态 备注
1 1335366   213353663   第二样本阅览室/ [索取号:TU986.3/1927=2] 在馆    
2 1335367   213353672   第三借阅区/ [索取号:TU986.3/1927=2] 在馆    
3 1335368   213353681   第三借阅区/ [索取号:TU986.3/1927=2] 在馆    
4 1335369   213353690   第三借阅区/ [索取号:TU986.3/1927=2] 在馆    
唐山师范学院图书馆 欢迎您!
大连网信软件有限公司© 版权所有